000 00798pam a2200253 a 4500
008
020 _a0894261290 (pbk.)
020 _a0894261312 (pbk. International ed.)
049 _aMAIN
090 0 _aHG1615.M2
_bPAR
100 1 _aParker, George G. C.
245 1 4 _aThe Stanford bank game :
_bversion 10 /
_cGeorge G.C. Parker, Terry Beals.
260 _aRedwood City, Ca. :
_bThe Scientific Press,
_c1989.
300 _avii, 92 p. :
_bill. ;
_c26 cm.
440 4 _aThe Scientific Press series.
500 _aIncludes index.
650 0 _aBank management
_xComputer simulation.
700 1 _aBeals, Terry.
907 _a.b10232400
_b02-11-12
_c16-02-07
003
005 20230123134411.0
040 _cNUST
942 _cBOOKS
_kHG1615.M2
_mPAR
999 _c165265
_d165265